000 00709nam a22002177a 4500
003 BUBTL
008 200824b xxu||||| |||| 00| 0 eng d
020 _a9788131725832
082 _a332.6/ T535v/ 2009
100 _aTitman, Sheridan
_93363
245 _aValuation : Analyzing Global Investment Opportunities /
_bSheridan Titman, John D. Martin and V. Ravi Anshuman
250 _a1st
260 _aNew Delhi
_bPearson
_cc2009
300 _a[xxvii], 556p . :
_bill. Table, ; 24cm .
500 _aIncludes Index
650 _aFinance
_93364
700 _aSheridan Titman, John D. Martin and V. Ravi Anshuman
_93365
856 _k0
_l0
_yDownload
942 _2ddc
_cBK
999 _c6334
_d6334